Statistics for Famous People from Poland by Picture

Click here to take the quiz!

General Stats

  • This quiz has been taken 55 times
  • The average score is 7 of 12

Answer Stats

Answer% Correct
Pope John Paul II
87%
Marie Curie
83%
Nicolaus Copernicus
81%
Lech Wałęsa
74%
Roman Polanski
72%
Robert Lewandowski
68%
Frederic Chopin
64%
Daniel Fahrenheit
49%
Shimon Peres
26%
Krzysztof Kieślowski
21%
Władysław Szpilman
21%
Irena Sendler
19%

Score Distribution

Percentile by Number Answered

Percent of People with Each Score

Your Score History

You have not taken this quiz